[Event "Sparkassen Gp 1"]
[Site "Dortmund GER"]
[Date "2002.07.09"]
[Round "4"]
[White "Lutz,C"]
[Black "Gelfand,B"]
[Result "1/2-1/2"]
[WhiteElo "2650"]
[BlackElo "2710"]
[EventDate "2002.07.06"]

1. e4 c5 2. Nf3 d6 3. d4 cxd4 4. Nxd4 Nf6 5. Nc3 a6 6. Bg5 e6 7. f4 Nbd7 8.
Qf3 Qc7 9. O-O-O b5 10. Bxb5 axb5 11. Ndxb5 Qb8 12. e5 Ra5 13. exf6 gxf6
14. Bh6 Bxh6 15. Nxd6+ Ke7 16. Kb1 Rd8 17. Rhe1 Nb6 18. Ncb5 Ba6 19. Nf5+
Kf8 20. Qc3 Rxb5 21. Qxf6 Rxb2+ 22. Qxb2 Nd5 23. Rxd5 Qxb2+ 24. Kxb2 Bg7+
25. Nxg7 Rxd5 1/2-1/2